00911nam a22002657a 45000010005000000030006000050050017000110080041000280200018000690400029000870500011001160820008001271000032001352450086001672500040002532600035002933000045003285050007003735200145003805210019005255210018005446500028005626500027005907000028006175296FISKH20250123101736.0241125b cb ||||| |||| 00| 0 eng d a9780545069328 aFISKHbengcFISKHdFISKH aPZ7.T3 a514 aThaler, Miked(1936–2024) aThe principal from the black lagoon /cStory by Mike Thaler Pictures by Jared Lee aThis edition first printing in 2008 aNew York :bScholastic,c2008. a30 pages :bcolor illustrations ;c21 cm aL  aOn the third day of school, a young boy is sent to the principal's office and thinks about all the horrifying rumors he has heard about her.8 a510 bLexile 8 aL bRaz-Plus  2Picture bookaPrincipal 2SchoolaBack to school aLee, Jareddillustrator